Principals ports pesquers de Catalunya - Statistics

General Stats
  • This quiz has been taken 30 times
  • The average score is 11 of 15
Answer Stats
Tones de captures Port % Correct
1543,9 Barcelona
100%
1795,8 Tarragona
100%
1669,9 Vilanova i la Geltrú
100%
733,2 Roses
96%
1214,6 Palamós
92%
2167,8 la Ràpita
84%
997,0 l'Escala
76%
1644,8 Blanes
68%
921,3 Cambrils
68%
1009,7 l'Ametlla de Mar
64%
681,7 Sant Feliu de Guíxols
64%
367,7 Deltebre
56%
918,6 Arenys de Mar
52%
196,8 l'Ampolla
48%
463,8 Llançà
44%
No matching quizzes found
Score Distribution
Percent of People with Each Score
Percentile by Number Answered
Your Score History
You have not taken this quiz